|
|
|
|
| LEADER |
00000nam0a2200000 4500 |
| 001 |
149045 |
| 005 |
20231031145715.0 |
| 010 |
|
|
|a 9785370010323
|
| 035 |
|
|
|a (RuTPU)RU\TPU\book\161585
|
| 090 |
|
|
|a 149045
|
| 100 |
|
|
|a 20081211d2009 m y0rusy50 ca
|
| 101 |
0 |
|
|a rus
|
| 102 |
|
|
|a RU
|
| 105 |
|
|
|a a j 001zy
|
| 200 |
1 |
|
|a Анализ хозяйственной деятельности
|e учебное пособие
|f под ред. В. И. Бариленко
|
| 210 |
|
|
|a Москва
|c Омега-Л
|d 2009
|
| 215 |
|
|
|a 414 с.
|c ил.
|
| 225 |
1 |
|
|a Высшее финансовое образование
|
| 320 |
|
|
|a Словарь терминов: с. 296-299.
|
| 330 |
|
|
|a В учебном пособии рассматриваются роль анализа хозяйственной деятельности предприятий, основы теории анализа, приемы и способы его проведения, информационная база. Раскрывается методика анализа финансового состояния предприятия, производства и продаж, использования трудовых ресурсов и средств на оплату труда, основных фондов и материальных ресурсов. Представлен порядок анализа себестоимости и финансовых результатов деятельности предприятия с подсчетом резервов возможного увеличения прибыли и рентабельности. Для студентов экономических специальностей.
|
| 452 |
|
1 |
|0 (RuTPU)RU\TPU\book\180615
|t Анализ хозяйственной деятельности
|o учебное пособие
|f В. И. Бариленко [и др.]
|c М.
|n Омега-Л
|d 2009
|
| 606 |
1 |
|
|a Экономический анализ
|2 stltpush
|3 (RuTPU)RU\TPU\subj\37444
|
| 610 |
1 |
|
|a предприятия
|
| 610 |
1 |
|
|a хозяйственная деятельность
|
| 610 |
1 |
|
|a анализ
|
| 610 |
1 |
|
|a информационное обеспечение
|
| 610 |
1 |
|
|a финансовое состояние
|
| 610 |
1 |
|
|a бухгалтерский баланс
|
| 610 |
1 |
|
|a ликвидность
|
| 610 |
1 |
|
|a финансовая устойчивость
|
| 610 |
1 |
|
|a деловая активность
|
| 610 |
1 |
|
|a риски
|
| 610 |
1 |
|
|a банкротство
|
| 610 |
1 |
|
|a денежные средства
|
| 610 |
1 |
|
|a дебиторская задолженность
|
| 610 |
1 |
|
|a продукция
|
| 610 |
1 |
|
|a продажи
|
| 610 |
1 |
|
|a ассортимент
|
| 610 |
1 |
|
|a качество
|
| 610 |
1 |
|
|a готовая продукция
|
| 610 |
1 |
|
|a брак
|
| 610 |
1 |
|
|a трудовые ресурсы
|
| 610 |
1 |
|
|a использование
|
| 610 |
1 |
|
|a рабочее время
|
| 610 |
1 |
|
|a выработка
|
| 610 |
1 |
|
|a оплата труда
|
| 610 |
1 |
|
|a основные фонды
|
| 610 |
1 |
|
|a материальные ресурсы
|
| 610 |
1 |
|
|a себестоимость
|
| 610 |
1 |
|
|a финансовые результаты
|
| 610 |
1 |
|
|a финансовое состояние
|
| 610 |
1 |
|
|a прибыль
|
| 610 |
1 |
|
|a убытки
|
| 610 |
1 |
|
|a консолидированный баланс
|
| 610 |
1 |
|
|a учебные пособия
|
| 686 |
|
|
|a У053я73
|v LBC/SL-A
|2 rubbk
|
| 702 |
|
1 |
|a Бариленко
|b В. И.
|g Владимир Иванович
|4 340
|
| 801 |
|
1 |
|a RU
|b 63413507
|c 20081211
|g PSBO
|
| 801 |
|
2 |
|a RU
|b 63413507
|c 20120524
|g PSBO
|
| 900 |
|
|
|a Анализ хозяйственной деятельности
|
| 900 |
|
|
|a Комплексный экономический анализ хозяйственной деятельности предприятия
|
| 900 |
|
|
|a Экономический анализ
|
| 942 |
|
|
|c BK
|
| 959 |
|
|
|a 116/20081211
|d 1
|e 0
|f ЧЗГЛ:1
|